000 00507nam a2200181Ia 4500
008 090630s9999 xx 000 0 und d
082 _b12403
100 _aकदम बाबा.
245 _aरानजाई.
_cकदम बाबा.
260 _bशशिदीप.
_c1987
300 _a289
600 _aकदम बाबा.
630 _aरानजाई.
655 _aकादंबरी.
700 _aकदम बाबा.
730 _aरानजाई.
942 _cBOOK
999 _c264259
_d264259